[Event "Rated Blitz game"]
[Site "?"]
[Date "2021.01.31"]
[Round "?"]
[White "vogelj"]
[Black "Fantastic_power06"]
[Result "0-1"]
[WhiteElo "2408"]
[BlackElo "2610"]
[PlyCount "34"]
[EventDate "2021.??.??"]
[EventType "blitz"]

1. e4 e5 2. Nf3 d5 3. Nxe5 Bd6 4. d4 dxe4 5. Bf4 Be6 6. Nd2 f6 7. Bc4 Bxc4 8.
Ndxc4 fxe5 9. Bxe5 Nf6 10. Bxf6 Qxf6 11. Qh5+ g6 12. Qd5 Nc6 13. O-O-O O-O-O
14. Qxe4 Qf4+ 15. Qxf4 Bxf4+ 16. Kb1 Rxd4 17. g3 Rxc4 {Normal} 0-1

[Event "Rated Blitz game"]
[Site "?"]
[Date "2021.01.31"]
[Round "?"]
[White "MrGambrinus"]
[Black "PawnTheSilentHero"]
[Result "1-0"]
[WhiteElo "2484"]
[BlackElo "2454"]
[PlyCount "29"]
[EventDate "2021.??.??"]
[EventType "blitz"]

1. e4 e5 2. Nf3 d5 3. Nxe5 Bd6 4. d4 dxe4 5. Nc3 Bxe5 6. dxe5 Qxd1+ 7. Nxd1 Nc6
8. Bf4 Be6 9. Nc3 Nge7 10. Bb5 O-O-O 11. Bg3 Nd4 12. O-O-O a6 13. Ba4 Ng6 14.
Rhe1 Bxa2 15. Nxa2 {Normal} 1-0

[Event "Rated Blitz game"]
[Site "?"]
[Date "2021.01.31"]
[Round "?"]
[White "Samy1975"]
[Black "AskarRB"]
[Result "1/2-1/2"]
[WhiteElo "2400"]
[BlackElo "2322"]
[PlyCount "115"]
[EventDate "2021.??.??"]
[EventType "blitz"]

1. e4 e5 2. Nf3 d5 3. exd5 e4 4. Qe2 Nf6 5. d3 Bb4+ 6. c3 O-O 7. dxe4 Bc5 8.
Nbd2 Re8 9. Qc4 b6 10. b4 Ba6 11. b5 Bb7 12. Be2 a6 13. O-O axb5 14. Qb3 Nxe4
15. Bxb5 Bxd5 16. c4 Bc6 17. Nxe4 Rxe4 18. Bb2 Qe8 19. Rfe1 Bxb5 20. cxb5 Nd7
21. Qd5 Raa4 22. Red1 Nf8 23. Qg5 Ne6 24. Qg3 Rg4 25. Qe5 Rae4 26. Qc3 Qxb5 27.
h3 Rc4 28. hxg4 Rxc3 29. Bxc3 Qe2 30. Nd4 Qxg4 31. Nxe6 fxe6 32. Rd3 Qe2 33.
Rf3 Qc2 34. Re1 Bxf2+ 35. Rxf2 Qxc3 36. Rxe6 h6 37. Re7 Qc5 38. Rd7 b5 39. Kf1
Qc1+ 40. Ke2 Qc4+ 41. Ke1 Qe6+ 42. Kf1 Qxd7 43. Rc2 Qd1+ 44. Kf2 Qxc2+ 45. Kf3
Qxa2 46. Ke3 Qxg2 47. Kd3 b4 48. Kc4 b3 49. Kxb3 c5 50. Kc4 Kf7 51. Kxc5 Ke6
52. Kd4 Qd2+ 53. Ke4 Qb4+ 54. Ke3 Ke5 55. Kd3 Qb3+ 56. Ke2 Ke4 57. Kf2 Qc2+ 58.
Kg3 {Time forfeit} 1/2-1/2

[Event "Rated Blitz game"]
[Site "?"]
[Date "2021.01.31"]
[Round "?"]
[White "drunkendonkey"]
[Black "PawnTheSilentHero"]
[Result "1-0"]
[WhiteElo "2507"]
[BlackElo "2445"]
[PlyCount "72"]
[EventDate "2021.??.??"]
[EventType "blitz"]

1. e4 e5 2. Nf3 d5 3. d4 dxe4 4. Nxe5 Bd6 5. Bc4 Bxe5 6. Qh5 Qe7 7. Qxe5 Qxe5
8. dxe5 Nc6 9. Bf4 Nd4 10. Na3 Be6 11. O-O-O O-O-O 12. Rhe1 Bxc4 13. Nxc4 f5
14. exf6 Nxf6 15. Be5 Nf5 16. Rxd8+ Rxd8 17. Bxf6 gxf6 18. Rxe4 Rg8 19. g3 Kd7
20. Ne3 Nd6 21. Rh4 Rg7 22. Nd5 Ke6 23. Nf4+ Kf5 24. Nd3 b5 25. Rf4+ Kg6 26. h4
h5 27. Nc5 Re7 28. a4 Re5 29. Nd3 Rd5 30. axb5 Rxb5 31. Ra4 a5 32. Rd4 Rf5 33.
Rf4 Rxf4 34. Nxf4+ Kf5 35. Nxh5 Ne4 36. f3 Kg6 {Normal} 1-0

[Event "Rated Blitz tournament uNQjHDT4"]
[Site "?"]
[Date "2021.01.31"]
[Round "?"]
[White "rasulovvugar"]
[Black "mutdpro"]
[Result "0-1"]
[WhiteElo "2654"]
[BlackElo "2728"]
[PlyCount "142"]
[EventDate "2021.??.??"]
[EventType "blitz"]

1. e4 e5 2. Nf3 d5 3. exd5 Nf6 4. d3 Qxd5 5. Nc3 Bb4 6. Bd2 Bxc3 7. Bxc3 Nc6 8.
Be2 Bg4 9. O-O O-O 10. h3 Bh5 11. Nd2 Bxe2 12. Qxe2 Rfe8 13. Ne4 Nd7 14. Qg4
Qe6 15. Qxe6 Rxe6 16. f4 exf4 17. Rxf4 f6 18. Rf2 Rae8 19. Raf1 Ne7 20. Bd2 b6
21. a3 Ne5 22. Bf4 c5 23. Nc3 N5c6 24. Re2 Ng6 25. Rxe6 Rxe6 26. Bg3 Nd4 27.
Rf2 h5 28. Bb8 Re7 29. Nd5 Re1+ 30. Kh2 Nc6 31. Bc7 Nge7 32. Nf4 h4 33. Re2
Rxe2 34. Nxe2 Nd5 35. Bd6 Ne3 36. c3 Nd1 37. b4 cxb4 38. axb4 Kf7 39. b5 Ne5
40. d4 Nc4 41. Bb8 Ke6 42. Bxa7 Kf5 43. Bb8 Ke4 44. Bc7 Kd3 45. Nf4+ Ke4 46.
Ne6 Nxc3 47. Nxg7 Nxb5 48. Bd8 Nxd4 49. Bxf6 b5 50. Ne8 b4 51. Nc7 b3 52. Bxd4
Kxd4 53. Nb5+ Kc5 54. Nc3 Kb4 55. Nd1 Ne3 56. Nb2 Ka3 57. Nd3 Nf5 58. g4 hxg3+
59. Kg2 Ka2 60. h4 Kb1 61. h5 Kc2 62. Nb4+ Kd2 63. h6 Nxh6 64. Nc6 b2 65. Ne5
b1=Q 66. Nc4+ Ke2 67. Ne5 Qe4+ 68. Nf3 Qxf3+ 69. Kh3 g2+ 70. Kh2 Ng4+ 71. Kg1
Qf1# {Normal} 0-1

[Event "Rated Blitz game"]
[Site "?"]
[Date "2021.01.31"]
[Round "?"]
[White "board_guy"]
[Black "Tayota"]
[Result "1-0"]
[WhiteElo "2428"]
[BlackElo "2381"]
[PlyCount "57"]
[EventDate "2021.??.??"]
[EventType "blitz"]

1. e4 e5 2. Nf3 d5 3. Nxe5 Qe7 4. d4 f6 5. Ng4 Nc6 6. Ne3 Qxe4 7. Nc3 Bb4 8. a3
Bxc3+ 9. bxc3 Nge7 10. Bd3 Qh4 11. O-O O-O 12. Qf3 Be6 13. a4 Rad8 14. Ba3 Rfe8
15. Rae1 Ng6 16. g3 Qh3 17. Nf5 a6 18. Re3 Bxf5 19. Rxe8+ Rxe8 20. Bxf5 Qh6 21.
Qxd5+ Kh8 22. Bc1 Qh5 23. Be4 Qe2 24. Bd3 Qg4 25. f3 Qc8 26. Qh5 Nce7 27. Re1
Kg8 28. Ba3 Nd5 29. Qxd5+ {Normal} 1-0

[Event "Rated Blitz game"]
[Site "?"]
[Date "2021.01.31"]
[Round "?"]
[White "miro_miro1"]
[Black "Tayota"]
[Result "1-0"]
[WhiteElo "2480"]
[BlackElo "2355"]
[PlyCount "45"]
[EventDate "2021.??.??"]
[EventType "blitz"]

1. e4 e5 2. Nf3 d5 3. d4 dxe4 4. Nxe5 Bd6 5. Bc4 Bxe5 6. Qh5 Qe7 7. Qxe5 Qxe5
8. dxe5 Nc6 9. Nc3 Nxe5 10. Bb3 f5 11. Nb5 Kd7 12. Be3 c6 13. O-O-O+ Ke7 14.
Nc7 Rb8 15. Bxa7 Nd7 16. Rxd7+ Bxd7 17. Bxb8 Nf6 18. Ba7 Kd6 19. Bb6 c5 20. a4
f4 21. Rd1+ Kc6 22. a5 c4 23. Ba4# {Normal} 1-0

[Event "Rated Blitz game"]
[Site "?"]
[Date "2021.01.31"]
[Round "?"]
[White "aryan_nm"]
[Black "Tayota"]
[Result "0-1"]
[WhiteElo "2460"]
[BlackElo "2374"]
[PlyCount "50"]
[EventDate "2021.??.??"]
[EventType "blitz"]

1. e4 e5 2. Nf3 d5 3. Nxe5 Qe7 4. Nf3 dxe4 5. Nd4 f5 6. Nc3 Nf6 7. Bc4 Qc5 8.
Ncb5 Qxc4 9. b3 Qf7 10. O-O a6 11. Nc3 Nc6 12. Nxc6 bxc6 13. d3 Bb4 14. Ne2 O-O
15. Bb2 Bd6 16. d4 a5 17. c4 a4 18. c5 a3 19. Bc3 Be7 20. Rc1 Nd5 21. Ba1 f4
22. Qc2 f3 23. Ng3 fxg2 24. Rfe1 Nb4 25. Qxe4 Qxf2# {Normal} 0-1

[Event "Rated Blitz tournament uNQjHDT4"]
[Site "?"]
[Date "2021.01.31"]
[Round "?"]
[White "yesaiedo"]
[Black "mutdpro"]
[Result "1-0"]
[WhiteElo "2523"]
[BlackElo "2750"]
[PlyCount "127"]
[EventDate "2021.??.??"]
[EventType "blitz"]

1. e4 e5 2. Nf3 d5 3. d4 dxe4 4. Nxe5 Bd6 5. Qe2 Nf6 6. Nc3 O-O 7. Bg5 Nc6 8.
O-O-O Bf5 9. g4 Bd7 10. Nxe4 Be7 11. Bxf6 Bxf6 12. Nxf6+ gxf6 13. Nc4 Qe7 14.
Qxe7 Nxe7 15. Bg2 Rad8 16. h3 b6 17. f4 Ng6 18. f5 Nf4 19. Bf3 Bb5 20. Ne3 Be2
21. Bxe2 Nxe2+ 22. Kb1 Nxd4 23. c3 Nf3 24. Nd5 Kg7 25. Nxc7 Nd2+ 26. Kc2 Nc4
27. Kb3 Nd2+ 28. Kc2 Nc4 29. Kc1 Rc8 30. Nb5 Rc5 31. Nd6 Ne5 32. Ne4 Rc6 33.
Rd6 Rxd6 34. Nxd6 Nd3+ 35. Kc2 Ne5 36. Rd1 h5 37. gxh5 Rh8 38. Rg1+ Kf8 39. Nc8
Rxh5 40. Nxa7 Rxh3 41. Nc8 Rh2+ 42. Kb3 Nd3 43. Rb1 b5 44. Nd6 Nc5+ 45. Kb4
Nd3+ 46. Kb3 Rf2 47. Nxb5 Rxf5 48. Nd4 Rf2 49. a4 f5 50. a5 f4 51. Kc4 Ne5+ 52.
Kd5 Nd7 53. Kc6 Ne5+ 54. Kd5 Nd3 55. a6 Nxb2 56. a7 Na4 57. a8=Q+ Kg7 58. Nf5+
Kf6 59. Qd8+ Kxf5 60. Qd7+ Kg5 61. Qxa4 Re2 62. Qd4 Re6 63. Rh1 Kf5 64. Rg1 {
Time forfeit} 1-0

[Event "Rated Blitz tournament uNQjHDT4"]
[Site "?"]
[Date "2021.01.31"]
[Round "?"]
[White "FakeBruceLee"]
[Black "mutdpro"]
[Result "0-1"]
[WhiteElo "2601"]
[BlackElo "2730"]
[PlyCount "182"]
[EventDate "2021.??.??"]
[EventType "blitz"]

1. e4 e5 2. Nf3 d5 3. exd5 e4 4. Qe2 Nf6 5. Nc3 Be7 6. Nxe4 O-O 7. Nxf6+ Bxf6
8. Qd1 Re8+ 9. Be2 Qxd5 10. O-O Nc6 11. c3 Ne5 12. Nxe5 Bxe5 13. Bf3 Qd6 14. g3
c5 15. Re1 Bf5 16. d3 Rad8 17. Be3 Bxd3 18. Bxb7 Qb6 19. Qf3 Qxb2 20. Bxc5 Qxc3
21. Be3 Bg6 22. Rac1 Qa5 23. Bc6 Re6 24. Bg5 Rb8 25. Bd5 Ree8 26. h4 h6 27. Be3
Rbd8 28. Bb3 h5 29. Red1 Rxd1+ 30. Rxd1 Bf6 31. Qd5 Qb4 32. Qc4 Qb8 33. Rd7
Rxe3 34. Rxf7 Re1+ 35. Kh2 Kh7 36. Rc7 Qf8 37. Rc8 Re8 38. Rxe8 Qxe8 39. Qe6
Qxe6 40. Bxe6 Bd4 41. Kg1 Be4 42. Bb3 Kg6 43. Kf1 Kf6 44. Ke2 Bf5 45. f3 Bc5
46. Bc4 g5 47. hxg5+ Kxg5 48. Bd5 Bd6 49. Kf2 h4 50. gxh4+ Kxh4 51. Ke3 Kg5 52.
Be4 Bc7 53. Bd5 Bb6+ 54. Kd2 Kf4 55. Kc3 Bh3 56. Kb4 Bg2 57. Kb5 Bxf3 58. Bb3
Ke3 59. a4 Be2+ 60. Kb4 Kd2 61. a5 Bf2 62. Bc4 Bd3 63. Bxd3 Kxd3 64. Kb5 Kc3
65. Ka6 Kb4 66. Kb7 Kxa5 67. Kc6 Kb4 68. Kd5 a5 69. Ke4 a4 70. Kd3 a3 71. Kc2
Bd4 72. Kb1 Kb3 73. Kc1 a2 74. Kd2 Bc3+ 75. Kd3 a1=Q 76. Ke4 Qe1+ 77. Kd5 Qd2+
78. Kc6 Qd4 79. Kc7 Kc4 80. Kc6 Qd5+ 81. Kc7 Qc5+ 82. Kd7 Qd4+ 83. Kc7 Qe4 84.
Kd7 Bd4 85. Kc7 Bc5 86. Kd7 Qe7+ 87. Kc6 Qf6+ 88. Kd7 Qe5 89. Kc6 Bd6 90. Kd7
Qe7+ 91. Kc8 Qc7# {Normal} 0-1

[Event "Rated Blitz tournament uNQjHDT4"]
[Site "?"]
[Date "2021.01.31"]
[Round "?"]
[White "BMWHero"]
[Black "mutdpro"]
[Result "0-1"]
[WhiteElo "2615"]
[BlackElo "2746"]
[PlyCount "58"]
[EventDate "2021.??.??"]
[EventType "blitz"]

1. e4 e5 2. Nf3 d5 3. Nxe5 Bd6 4. d4 dxe4 5. Qh5 Qe7 6. Nc3 Nf6 7. Qg5 O-O 8.
Bc4 Nc6 9. Nxc6 bxc6 10. O-O h6 11. Qh4 Be6 12. Bb3 Bxb3 13. axb3 Qe6 14. Re1
Rfe8 15. Bf4 g5 16. Bxg5 hxg5 17. Qxg5+ Kh8 18. Qh4+ Nh7 19. Rxe4 Qf5 20. Rxa7
Rxa7 21. Rxe8+ Kg7 22. Re1 Nf6 23. h3 Qxc2 24. Qg5+ Qg6 25. Qe3 Rb7 26. Qf3
Rxb3 27. Qxc6 Rxb2 28. Qf3 Rb3 29. Rc1 Ba3 {Normal} 0-1

[Event "Rated Blitz tournament LH09J3uN"]
[Site "?"]
[Date "2021.01.31"]
[Round "?"]
[White "Pilakos"]
[Black "Henrik_95"]
[Result "0-1"]
[WhiteElo "2299"]
[BlackElo "2407"]
[PlyCount "54"]
[EventDate "2021.??.??"]
[EventType "blitz"]

1. e4 e5 2. Nf3 d5 3. exd5 e4 4. Ne5 Qxd5 5. d4 exd3 6. Nxd3 Nc6 7. Nc3 Qe6+ 8.
Be2 Nf6 9. O-O Bd6 10. Bf4 O-O 11. Re1 Bxf4 12. Nxf4 Qf5 13. Nfd5 Nxd5 14. Nxd5
Be6 15. Nxc7 Rad8 16. Qc1 Nd4 17. Nxe6 fxe6 18. Bd3 Qxf2+ 19. Kh1 Rd5 20. Be4
Rh5 21. c3 Ne2 22. Rxe2 Qxe2 23. Bxb7 Rhf5 24. Bf3 Rxf3 25. gxf3 Qxf3+ 26. Kg1
Qg4+ 27. Kh1 Rf2 {Normal} 0-1

[Event "Rated Blitz tournament LSJelr5w"]
[Site "?"]
[Date "2021.01.31"]
[Round "?"]
[White "Anonymous_Warrior"]
[Black "DarthZannah"]
[Result "1-0"]
[WhiteElo "2302"]
[BlackElo "2494"]
[PlyCount "137"]
[EventDate "2021.??.??"]
[EventType "blitz"]

1. e4 e5 2. Nf3 d5 3. exd5 e4 4. Qe2 Nf6 5. Ng5 Be7 6. Nc3 O-O 7. Ngxe4 Re8 8.
d3 Nxd5 9. Be3 f5 10. Nxd5 Qxd5 11. Nc3 Qa5 12. g3 Bf6 13. d4 Nc6 14. O-O-O
Bxd4 15. Rxd4 Nxd4 16. Qc4+ Ne6 17. Bg2 c6 18. Rd1 Qc7 19. Bf4 Qf7 20. Be5 Ng5
21. Qxf7+ Nxf7 22. f4 Nxe5 23. fxe5 Rxe5 24. Rd8+ Kf7 25. Rh8 Re8 26. Rxh7 Be6
27. Rh4 Rad8 28. b3 Kf6 29. Kb2 g5 30. Rb4 Re7 31. h4 Rh8 32. hxg5+ Kxg5 33.
Rf4 Bc8 34. Rf3 Rh2 35. Bf1 Kg4 36. Rd3 Rf2 37. Rd4+ Kxg3 38. Bd3 Rf3 39. Rd8
Be6 40. Ne2+ Kf2 41. Nd4 Rf4 42. Ne2 Rg4 43. Rf8 Ke3 44. Nc3 f4 45. Nd1+ Kd2
46. Nf2 Rg2 47. Ne4+ Ke3 48. Nc3 f3 49. Nd1+ Kd2 50. Nc3 f2 51. Ne4+ Ke3 52.
Rf6 Bd5 53. Nc3 Bf3 54. Nd1+ Kd2 55. Rxf3 Kxd1 56. Rf8 Ke1 57. Bc4 Rg1 58. Rf5
f1=Q 59. Bxf1 Rxf1 60. Rc5 Ke2 61. Rc3 Kf2 62. a4 Rfe1 63. Rc4 R1e2 64. Rc3 Rd2
65. a5 Rde2 66. a6 Rxc2+ 67. Rxc2+ Re2 68. axb7 Rxc2+ 69. Kxc2 {Time forfeit}
1-0

[Event "Rated Blitz game"]
[Site "?"]
[Date "2021.01.31"]
[Round "?"]
[White "DBBM"]
[Black "ieks"]
[Result "1-0"]
[WhiteElo "2429"]
[BlackElo "2351"]
[PlyCount "109"]
[EventDate "2021.??.??"]
[EventType "blitz"]

1. e4 e5 2. Nf3 d5 3. Nxe5 Bd6 4. d4 dxe4 5. Nc3 Bxe5 6. dxe5 Qxd1+ 7. Kxd1 Bf5
8. Nd5 Kd7 9. c4 Nc6 10. Bf4 Re8 11. Kd2 Nxe5 12. Rd1 Kc8 13. Kc3 c6 14. Ne3
Bg6 15. h4 h5 16. Bxe5 Rxe5 17. g3 Nf6 18. Bh3+ Kc7 19. b4 Rd8 20. Rxd8 Kxd8
21. Rd1+ Kc7 22. a4 Re7 23. a5 a6 24. c5 Nd7 25. Nc4 Ne5 26. Nd6 Nd3 27. Rd2 e3
28. Re2 Nxf2 29. Bf5 Nd1+ 30. Kd4 Bxf5 31. Nxf5 Re6 32. Nxg7 Rg6 33. Nxh5 Rg4+
34. Kd3 Rxb4 35. Nf4 Rb5 36. Kc2 Nf2 37. Rxe3 Ng4 38. Rc3 Rxa5 39. Kd3 Ra1 40.
Ke4 Rh1 41. Kf5 Nh6+ 42. Kf6 Rg1 43. Kg7 Nf5+ 44. Kxf7 Nxg3 45. Ne6+ Kb8 46.
Ke7 Nf5+ 47. Kf6 Nxh4 48. Ke7 Re1 49. Kd7 Nf5 50. Rd3 Ka7 51. Nc7 a5 52. Ne8 a4
53. Nd6 a3 54. Rxa3+ Kb8 55. Nxf5 {Time forfeit} 1-0

[Event "Rated Blitz tournament LSJelr5w"]
[Site "?"]
[Date "2021.01.31"]
[Round "?"]
[White "Boomraiser"]
[Black "DarthZannah"]
[Result "0-1"]
[WhiteElo "2307"]
[BlackElo "2491"]
[PlyCount "62"]
[EventDate "2021.??.??"]
[EventType "blitz"]

1. e4 e5 2. Nf3 d5 3. exd5 e4 4. Qe2 Nf6 5. Nd4 Qxd5 6. Nb3 Bd6 7. Nc3 Qe5 8.
d3 Bg4 9. Qe3 exd3 10. Bxd3 O-O 11. Qxe5 Bxe5 12. O-O Nc6 13. Be3 Nb4 14. Nc5
b6 15. N5e4 Nxd3 16. cxd3 Rad8 17. d4 Bxd4 18. Bxd4 Nxe4 19. Bxg7 Kxg7 20. Nxe4
f5 21. Ng3 f4 22. Ne4 f3 23. Rac1 c5 24. Rfe1 fxg2 25. Kxg2 Bf3+ 26. Kg3 Rd4
27. Nc3 Rg4+ 28. Kh3 h5 29. Rg1 Rff4 30. Rxg4+ Rxg4 31. Re1 Bg2# {Normal} 0-1

[Event "Rated Blitz game"]
[Site "?"]
[Date "2021.01.31"]
[Round "?"]
[White "miro_miro1"]
[Black "Tayota"]
[Result "0-1"]
[WhiteElo "2484"]
[BlackElo "2351"]
[PlyCount "24"]
[EventDate "2021.??.??"]
[EventType "blitz"]

1. e4 e5 2. Nf3 d5 3. Bc4 dxc4 4. d4 cxd3 5. cxd3 Nc6 6. O-O Bg4 7. Qb3 Bxf3 8.
Qxb7 Nd4 9. gxf3 Nxf3+ 10. Kg2 Nh4+ 11. Kg3 Ng6 12. Bg5 Qxg5+ {Normal} 0-1

[Event "Rated Blitz tournament LH09J3uN"]
[Site "?"]
[Date "2021.01.31"]
[Round "?"]
[White "Guigui54"]
[Black "shak-tank"]
[Result "0-1"]
[WhiteElo "2246"]
[BlackElo "2411"]
[PlyCount "58"]
[EventDate "2021.??.??"]
[EventType "blitz"]

1. e4 e5 2. Nf3 d5 3. exd5 e4 4. Nd4 Qxd5 5. Nb3 Nf6 6. Nc3 Qe6 7. Be2 Nc6 8.
O-O Bd7 9. d3 O-O-O 10. dxe4 Nxe4 11. Nxe4 Qxe4 12. Bd3 Qh4 13. Qf3 Bd6 14. g3
Qh3 15. Qg2 Ne5 16. Qxh3 Bxh3 17. Rd1 Nf3+ 18. Kh1 Be5 19. c3 h5 20. Be3 h4 21.
Be4 Bg4 22. Rxd8+ Rxd8 23. Kg2 h3+ 24. Kf1 Nxh2+ 25. Kg1 Nf3+ 26. Bxf3 Bxf3 27.
Nd4 h2+ 28. Kxh2 Rh8+ 29. Kg1 Rh1# {Normal} 0-1

[Event "Rated Blitz game"]
[Site "?"]
[Date "2021.01.31"]
[Round "?"]
[White "killercat730"]
[Black "PawnTheSilentHero"]
[Result "0-1"]
[WhiteElo "2361"]
[BlackElo "2441"]
[PlyCount "42"]
[EventDate "2021.??.??"]
[EventType "blitz"]

1. e4 e5 2. Nf3 d5 3. exd5 e4 4. Nd4 f6 5. Nc3 f5 6. d3 c5 7. Ne6 Bxe6 8. dxe6
Nf6 9. dxe4 Qxd1+ 10. Kxd1 fxe4 11. Bg5 Nc6 12. Bxf6 gxf6 13. Nxe4 O-O-O+ 14.
Ke1 Nb4 15. Bd3 c4 16. c3 Nxd3+ 17. Ke2 f5 18. Ng3 Re8 19. Nxf5 Rxe6+ 20. Kd2
Re5 21. Ne3 Bh6 {Normal} 0-1

[Event "Rated Blitz game"]
[Site "?"]
[Date "2021.01.31"]
[Round "?"]
[White "Takacsbl"]
[Black "FTR_BBC"]
[Result "1-0"]
[WhiteElo "2478"]
[BlackElo "2296"]
[PlyCount "119"]
[EventDate "2021.??.??"]
[EventType "blitz"]

1. e4 e5 2. Nf3 d5 3. exd5 e4 4. Qe2 Be7 5. Qxe4 Nf6 6. Qa4+ Nbd7 7. Bb5 O-O 8.
O-O a6 9. Bxd7 Bxd7 10. Qb3 b5 11. d3 c5 12. dxc6 Bxc6 13. Nbd2 Bd5 14. c4 Be6
15. Ng5 Bf5 16. Nge4 Nd7 17. Re1 Re8 18. cxb5 axb5 19. Qxb5 Bg6 20. Nf3 Rb8 21.
Qa4 Nb6 22. Qc2 Rc8 23. Qd1 Bb4 24. Bd2 Bf8 25. Bc3 Nd5 26. Bd4 Nf4 27. g3 Ne6
28. Bc3 h6 29. Ne5 Bh7 30. d4 Nc7 31. Qf3 Nd5 32. Qxf7+ Kh8 33. Ng6+ Bxg6 34.
Qxg6 Qb6 35. Qxb6 Nxb6 36. f3 Nd5 37. Kf2 Be7 38. a4 Rf8 39. Kg2 Bd8 40. a5 Ra8
41. a6 Bb6 42. Ra4 Rfc8 43. Rea1 Rc6 44. R1a3 Ne3+ 45. Kh3 Nc2 46. Rb3 g5 47.
d5+ Rxc3 48. Rxc3 Ne1 49. g4 Rf8 50. a7 Bxa7 51. Rxa7 Nxf3 52. Nd6 Ng1+ 53. Kg2
Ne2 54. Rf3 Nf4+ 55. Kf1 Rb8 56. b3 Rd8 57. Nf7+ Kg7 58. Nxd8+ Kf6 59. Rxf4+
Ke5 60. Rf5+ {Normal} 1-0

[Event "Rated Rapid game"]
[Site "?"]
[Date "2021.01.31"]
[Round "?"]
[White "Serg_T"]
[Black "AlistairC"]
[Result "1-0"]
[WhiteElo "2429"]
[BlackElo "2297"]
[PlyCount "91"]
[EventDate "2021.??.??"]
[EventType "rapid"]

1. e4 e5 2. Nf3 d5 3. d4 dxe4 4. Nxe5 Bd6 5. Bf4 Nf6 6. Bc4 O-O 7. O-O Qe7 8.
Nc3 Be6 9. Bb3 Bxb3 10. axb3 c6 11. Re1 Nd5 12. Bg3 f5 13. f4 Bb4 14. Nxd5 cxd5
15. c3 Bd6 16. b4 Nd7 17. Qb3 Qe6 18. Ra5 Nb6 19. Qa2 a6 20. b3 Bxe5 21. dxe5
d4 22. cxd4 Rfd8 23. Bf2 Nd5 24. Qd2 Rac8 25. Rc5 b6 26. Rc4 b5 27. Rc5 Rxc5
28. bxc5 b4 29. Rc1 Nc3 30. Rxc3 bxc3 31. Qxc3 Rb8 32. b4 Qa2 33. c6 Qb1+ 34.
Be1 Qa2 35. c7 Rc8 36. Qc6 Qf7 37. b5 Qxc7 38. Qxc7 Rxc7 39. bxa6 Ra7 40. d5
Rxa6 41. Bb4 Ra2 42. e6 e3 43. Kf1 Rb2 44. d6 Rxb4 45. d7 Rd4 46. e7 {Normal}
1-0

[Event "Rated Rapid game"]
[Site "?"]
[Date "2021.01.31"]
[Round "?"]
[White "TimeToSacrifice"]
[Black "ViktorPlayer63"]
[Result "1-0"]
[WhiteElo "2409"]
[BlackElo "2271"]
[PlyCount "155"]
[EventDate "2021.??.??"]
[EventType "rapid"]

1. e4 e5 2. Nf3 d5 3. Nxe5 Qe7 4. d4 f6 5. Nd3 dxe4 6. Nf4 c6 7. Bc4 g6 8. O-O
f5 9. f3 Nf6 10. Nc3 Nbd7 11. fxe4 fxe4 12. Ne6 Nb6 13. Bg5 Nxc4 14. Bxf6 Qxe6
15. Bxh8 Ne3 16. Qe2 Nxf1 17. Rxf1 Be7 18. Nxe4 Bd7 19. Nf6+ Bxf6 20. Qxe6+
Bxe6 21. Bxf6 Bxa2 22. b3 a5 23. Ra1 Bxb3 24. cxb3 b5 25. d5 cxd5 26. Rd1 Kf7
27. Bg5 Ke6 28. Kf2 a4 29. bxa4 bxa4 30. Ra1 d4 31. Ke2 Kd5 32. Kd3 a3 33. Ra2
Ra4 34. Bc1 h5 35. Rxa3 Rb4 36. Ra5+ Ke6 37. Ke4 Rb1 38. Ra6+ Kf7 39. Bg5 Rb2
40. Ke5 Rxg2 41. Ra7+ Ke8 42. Ke6 Re2+ 43. Kd6 Rxh2 44. Bf6 d3 45. Ke6 Re2+ 46.
Be5 Rxe5+ 47. Kxe5 d2 48. Ra1 Kf7 49. Rd1 Kg7 50. Rxd2 Kh6 51. Kf4 g5+ 52. Kf5
g4 53. Rd6+ Kg7 54. Kg5 Kf7 55. Kxh5 Ke7 56. Rg6 g3 57. Rxg3 Kf7 58. Re3 Kf6
59. Re1 Kf5 60. Rf1+ Ke5 61. Kg6 Ke6 62. Re1+ Kd5 63. Kf5 Kd4 64. Re8 Kd3 65.
Kf4 Kd2 66. Kf3 Kd1 67. Kf2 Kd2 68. Rd8+ Kc3 69. Ke3 Kc4 70. Rd1 Kc5 71. Ke4
Kc6 72. Ke5 Kc7 73. Ke6 Kc8 74. Rd7 Kb8 75. Kd6 Kc8 76. Kc6 Kb8 77. Rh7 Ka8 78.
Kb6 {Time forfeit} 1-0

[Event "Rated Blitz tournament LH09J3uN"]
[Site "?"]
[Date "2021.01.31"]
[Round "?"]
[White "Zsoltinyo"]
[Black "Buscapina"]
[Result "1-0"]
[WhiteElo "2393"]
[BlackElo "2443"]
[PlyCount "137"]
[EventDate "2021.??.??"]
[EventType "blitz"]

1. e4 e5 2. Nf3 d5 3. Nc3 dxe4 4. Nxe4 Nc6 5. Bb5 Bd7 6. d3 Nf6 7. Qe2 Nxe4 8.
dxe4 Bd6 9. c3 O-O 10. O-O a6 11. Bc4 Bg4 12. h3 Bh5 13. Be3 Ne7 14. Rad1 Qc8
15. Rd2 Kh8 16. g4 Bg6 17. Bg5 f6 18. Bh4 b5 19. Bb3 Qb7 20. Re1 Rae8 21. Bg3
Nc6 22. Bd5 Qb6 23. Nh4 Ne7 24. Bb3 Rd8 25. Red1 Rde8 26. Kg2 a5 27. a3 a4 28.
Ba2 Qc5 29. f3 Qb6 30. Bf2 Qb7 31. Be3 Qb8 32. Be6 Nc6 33. Nxg6+ hxg6 34. Bd7
Na5 35. Bxe8 Qxe8 36. Rd5 Nc4 37. Bc5 g5 38. Bf2 Qc6 39. h4 gxh4 40. Bxh4 Kg8
41. Bf2 Kf7 42. Rh1 Rb8 43. Bg1 Na5 44. Qf2 Qc4 45. Qh4 Qe2+ 46. Bf2 Nc4 47.
Qh5+ Ke7 48. Re1 Ne3+ 49. Kg1 Nxd5 50. Rxe2 Nf4 51. Qh7 Nxe2+ 52. Kf1 Nf4 53.
Qxg7+ Ke8 54. Qxf6 Kd7 55. g5 Kc6 56. g6 Rf8 57. Qg5 Nh3 58. Qg4 Nf4 59. g7 Rg8
60. Bh4 Bc5 61. Bf6 Kd6 62. Qf5 Nd3 63. Qh7 Re8 64. g8=Q Rxg8 65. Qxg8 c6 66.
Qd8+ Ke6 67. Bg5 Nxb2 68. Qe8+ Kd6 69. Qe7# {Normal} 1-0

[Event "Rated Blitz game"]
[Site "?"]
[Date "2021.01.30"]
[Round "?"]
[White "ZhohoFF"]
[Black "Fantastic_power06"]
[Result "1-0"]
[WhiteElo "2507"]
[BlackElo "2586"]
[PlyCount "105"]
[EventDate "2021.??.??"]
[EventType "blitz"]

1. e4 e5 2. Nf3 d5 3. d4 dxe4 4. Nxe5 Bd6 5. Nc4 Nc6 6. Nc3 Bb4 7. d5 Nce7 8.
Qd4 Qxd5 9. Qxg7 Ng6 10. Bd2 Qd8 11. Nxe4 Bxd2+ 12. Nexd2 Qe7+ 13. Be2 Bg4 14.
f3 O-O-O 15. O-O-O Be6 16. Qc3 Nf6 17. Rhe1 Nd5 18. Qa5 Kb8 19. Ne4 Ngf4 20.
Bf1 b6 21. Qa3 c5 22. g3 Ng6 23. f4 Nb4 24. Ng5 Rxd1+ 25. Rxd1 Bg4 26. Qe3
Nxa2+ 27. Kb1 Bxd1 28. Kxa2 Bxc2 29. Qc3 Bf5 30. g4 Be6 31. f5 Qxg5 32. fxg6
Rc8 33. h4 b5 34. hxg5 bxc4 35. Bxc4 hxg6 36. Bxe6 fxe6 37. Qb3+ Kc7 38. Qxe6
Rd8 39. Qf7+ Rd7 40. Qxg6 Rd6 41. Qf5 Ra6+ 42. Kb3 Rd6 43. Kc4 Rd7 44. Qe5+ Kd8
45. Qf6+ Kc7 46. g6 Kc8 47. Qf7 Rd8 48. g7 Kb8 49. g8=Q Rxg8 50. Qxg8+ Kb7 51.
Qf7+ Ka6 52. Qd5 Ka5 53. Qxc5+ {Time forfeit} 1-0

[Event "Rated Blitz game"]
[Site "?"]
[Date "2021.01.30"]
[Round "?"]
[White "BernardGM"]
[Black "KamranShirazi"]
[Result "1-0"]
[WhiteElo "2449"]
[BlackElo "2472"]
[PlyCount "51"]
[EventDate "2021.??.??"]
[EventType "blitz"]

1. e4 e5 2. Nf3 d5 3. Nxe5 Bd6 4. d4 dxe4 5. Nc4 Nc6 6. Nxd6+ cxd6 7. d5 Ne5 8.
Bb5+ Bd7 9. Bxd7+ Qxd7 10. O-O Nf6 11. Bg5 Qf5 12. Bxf6 gxf6 13. Nc3 Rg8 14.
Kh1 Ke7 15. Qe2 Rg4 16. f3 exf3 17. Rxf3 Qg6 18. Raf1 Rg8 19. g3 f5 20. Rxf5
Rg7 21. Nb5 Rxg3 22. Rxe5+ dxe5 23. Qxe5+ Kf8 24. Qb8+ Ke7 25. Qc7+ Ke8 26.
Re1+ {Normal} 1-0

[Event "Rated Blitz tournament DkSl8j2U"]
[Site "?"]
[Date "2021.01.30"]
[Round "?"]
[White "vanya5661"]
[Black "Vladislav89"]
[Result "1-0"]
[WhiteElo "2288"]
[BlackElo "2438"]
[PlyCount "103"]
[EventDate "2021.??.??"]
[EventType "blitz"]

1. e4 e5 2. Nf3 d5 3. Nxe5 Bd6 4. d4 dxe4 5. Nc4 Nf6 6. Nc3 Be7 7. Be2 h6 8. h3
Bf5 9. Bf4 O-O 10. O-O Bh7 11. d5 Na6 12. d6 cxd6 13. Nxd6 Qb6 14. Nc4 Qc5 15.
Bd6 Bxd6 16. Qxd6 Rfd8 17. Qf4 Nb4 18. Qe3 Rac8 19. Qxc5 Rxc5 20. Ne3 a5 21. a3
Nc6 22. Nb5 Kf8 23. Rfd1 Rxd1+ 24. Rxd1 Ke7 25. c4 Ne5 26. b4 axb4 27. axb4 Rc8
28. c5 Nd3 29. Nd6 Ra8 30. Nef5+ Kf8 31. Bxd3 exd3 32. Rxd3 Ra1+ 33. Kh2 Rb1
34. Rd4 Nd7 35. Ne3 Ne5 36. Nxb7 Nc6 37. Rd7 Rxb4 38. Nd6 Bg6 39. Nd5 Rb8 40.
Nf4 Ne7 41. h4 h5 42. Nb7 Ke8 43. Rc7 Kf8 44. Nd6 Rd8 45. Ra7 Rb8 46. Ne2 f6
47. Nd4 Nd5 48. Ne6+ Kg8 49. Rxg7+ Kh8 50. Rxg6 Rb4 51. Nf7+ Kh7 52. Nf8# {
Normal} 1-0